000 00343pab a2200145 454500
008 180718b1986 xxu||||| |||| 00| 0 eng d
100 _aAppu, P.S.
245 _aThe decline of the Indian bureaucracy
260 _c1986
300 _a63-8
362 _aMarch
650 _aBureaucracy - India
773 _aMan and Development
909 _a4987
999 _c4987
_d4987